000 00702nam a2200241Ia 4500
003 OSt
005 20220918212333.0
006 a|||||r|||| 00| 0
007 ta
008 220917b |||||||| |||| 00| 0 eng d
024 _a128,462
037 _cTextual
040 _aARTS
_cARTS
_beng
041 _2eng
_aeng
082 _aX.253.L5<-J50, M4
100 _aMahapatra Pinaki Ranjan
_9123491
245 0 _aSome aspects of the economic life of Orissa (C
_b1550-1751)
260 _aBhubaneswar
_bBookland International
_c1984
300 _avi+v,318p.
_ccm.
650 _aECONOMICS
942 _hX.253.L5<-J50, M4
_cTEXL
_2CC
999 _c251600
_d251600